000 00656nam a2200205Ia 4500
003 GCL
008 140319s9999 xx 000 0 ara d
040 _aGCL /
_cGCL
082 0 4 _aط
_b790.1
_bع ك
100 1 _aعبدالغنى عبدالرحمن محمد
245 1 0 _aاستثمار الفراغ فى المنزل /
_cعبدالغنى عبدالرحمن محمد
260 _a[S.N] :
_bدار الفكر العربى ،
_c1992
300 _a48 ص
490 _aكيف تستثمر وقت فراغك
_v0
650 0 4 _aالاطفال
650 0 4 _aالترفيه
650 0 4 _aالتسالى
650 0 4 _aوقت الفراغ
942 _2ddc
_cBK
999 _c57296
_d57296